Personálny mamažment

Bibliographic Details
Other Authors: Heinzová, Zuzana, 1977- (Editor)
Format: Book
Language:Slovak
Russian
PhysicalDescription:359 s. tab. 21 cm
Published: Banská Bystrica Univerzita Mateja Bela, Pedagogická fakulta, Katedra psychológie 2012
ISBN:9788055704746 (brož.)
Edition:1. vyd.
Subjects:

MARC

LEADER 00000nam a22000005a 4500
001 vtls010548886
003 SK-MaSNL
005 20260302050443.0
008 160610s2012 xo a f n 000 0 slo
015 |a SNBA2013/10 
020 |a 9788055704746 (brož.) 
035 |a 04B98BF5-06D2-46CD-B26C-8A054D600318 
035 |a urn:nbn:sk:snk-amlbnp 
035 |a urn:nbn:sk:snk-am00927a 
040 |a SNK  |b slo  |c SNK  |e AACR2 
041 0 |a slo  |a rus 
044 |a xo  |c SK 
072 7 |a 005  |x Manažment. Riadenie  |2 konspekt 
080 |a 005.95/.96  |2 2001 
080 |a (048.8)  |2 2001 
245 0 0 |a Personálny mamažment  |c Zuzana Heinzová ed. 
250 |a 1. vyd. 
260 |a Banská Bystrica  |b Univerzita Mateja Bela, Pedagogická fakulta, Katedra psychológie  |c 2012 
300 |a 359 s.  |b tab.  |c 21 cm 
366 |e 100 výt. 
504 |a Bibliogr. odkazy 
546 |a Text aj rus. 
650 0 7 |a personálny manažment  |2 SNKPH  |9 936 
650 0 7 |a Personnel management  |2 SNKPHeng  |9 265622 
655 7 |a monografie  |2 SNKPH  |9 70139 
655 7 |a Monographs  |2 SNKPHeng  |9 120675 
700 1 |a Heinzová, Zuzana,  |d 1977-  |4 edt  |9 208068 
852 |a Štátna vedecká knižnica v Banskej Bystrici 
919 |a 978-80-557-0474-6 
958 |a NB 
999 |c 1097113  |d 1099043 
952 |a SNK  |b SNK  |y PREZ  |7 0  |p 17A1084466  |o snkSC 156352  |i snk2013/24093  |8 0  |0 0  |1 0  |4 0  |d 2013-10-08  |f 1  |l 0  |r 2025-08-18 00:00:00  |w 2026-02-24 
952 |a SNK  |b SNK  |y VYP  |7 0  |p 17A1084467  |o snkSC 156352 D1  |i snk2013/24095  |8 0  |0 0  |1 0  |4 0  |d 2013-10-08  |l 0  |r 2026-02-24 17:18:36  |w 2026-02-24